LEADER 01295nam--2200397---450- 001 990000961850203316 005 20091014104241.0 010 $a0-8108-2838-3 035 $a0096185 035 $aUSA010096185 035 $a(ALEPH)000096185USA01 035 $a0096185 100 $a20020214d1994----km-y0itay0103----ba 101 $aeng 105 $a||||||||001yy 200 1 $aHistorical dictionary of european organizations$fby Derek W. Urwin 210 $aMetuchen$cThe Scarecrow$d1994 215 $aXXX, 389 p$d22 cm 225 2 $aInternational organizations$v4 410 $12001$aInternational organizations$v4 606 0 $aOrganizzazioni internazionali$yEuropa$xStoria 606 0 $aCooperazione internazionale$xStoria 606 0 $aRegionalismo 676 $a341.24209 700 1$aURWIN,$bDerek W.$0120132 801 0$aIT$bsalbc$gISBD 912 $a990000961850203316 951 $aXXIII.4.B. 182 (IG ING VIII 12 809 4)$b9800 G$cXXIII.4.B. 182 (IG ING VIII)$d00250817 959 $aBK 969 $aGIU 979 $aPATTY$b90$c20020214$lUSA01$h1604 979 $c20020403$lUSA01$h1738 979 $aPATRY$b90$c20040406$lUSA01$h1706 979 $aRSIAV4$b90$c20091014$lUSA01$h1042 996 $aHistorical dictionary of european organizations$9972621 997 $aUNISA LEADER 01607oam 2200445 a 450 001 9910704364303321 005 20130124111603.0 035 $a(CKB)5470000002440040 035 $a(OCoLC)814321603 035 $a(OCoLC)995470000002440040 035 $a(EXLCZ)995470000002440040 100 $a20121024d2012 ua 0 101 0 $aeng 135 $aurmn||||||||| 181 $ctxt$2rdacontent 182 $cc$2rdamedia 183 $acr$2rdacarrier 200 10$aHomeland security$b[electronic resource] $eagriculture inspection program has made some improvements, but management challenges persist : report to congressional requesters 210 1$a[Washington, D.C.] :$cU.S. Govt. Accountability Office,$d[2012] 215 $a1 online resource (ii, 51 pages) $cillustrations 300 $aTitle from title screen (viewed on Oct. 24, 2012). 300 $a"September 2012." 300 $a"GAO-12-885." 320 $aIncludes bibliographical references. 517 $aHomeland security 606 $aIntroduced organisms$zUnited States$xPrevention 606 $aNonindigenous pests$zUnited States$xPrevention 606 $aBiological invasions$zUnited States$xPrevention 606 $aAgricultural pests$xControl$zUnited States 615 0$aIntroduced organisms$xPrevention. 615 0$aNonindigenous pests$xPrevention. 615 0$aBiological invasions$xPrevention. 615 0$aAgricultural pests$xControl 801 0$bDID 801 1$bDID 801 2$bGPO 906 $aBOOK 912 $a9910704364303321 996 $aHomeland Security$91686681 997 $aUNINA LEADER 01571nam0 22003731i 450 001 UON00042629 005 20231205102152.817 010 $a09-18-98621-4 100 $a20020107d1980 |0itac50 ba 101 $aeng 102 $aUS 105 $a|||| 1|||| 200 1 $aComputer-aided analysis of Amorite$fIgnace J. Gelb with the assistance of Joyce Bartels, Stuart-Morgan Vance, Robert M. Whiting 210 $aChicago$cChicago University$d1980 215 $aXV, 657 p.$d30 cm. 410 1$1001UON00007517$12001 $aAssyriological Studies$v21 606 $aLINGUE MESOPOTAMICHE$3UONC006424$2FI 620 $aUS$dChicago, Ill.$3UONL000120 686 $aMES II$cMESOPOTAMIA - LINGUISTICA$2A 700 1$aGELB$bIgnace J.$3UONV003416$0305385 702 1$aBARTELS$bJoyce$3UONV027064 702 1$aVANCE$bStuart-Morgan$3UONV027063 702 1$aWHITING$bRobert M.$3UONV005973 712 $aThe University of Chicago Press$3UONV246827$4650 790 1$aGELB, I. J.$zGELB, Ignace J.$3UONV196847 801 $aIT$bSOL$c20240220$gRICA 899 $aSIBA - SISTEMA BIBLIOTECARIO DI ATENEO$2UONSI 912 $aUON00042629 950 $aSIBA - SISTEMA BIBLIOTECARIO DI ATENEO$dSI MES II 016 $eSI SA 34495 5 016 966 $aLINGUA ACCADICA$yLINGUE MESOPOTAMICHE$3UONC006425 966 $aLINGUA ASSIRA$yLINGUE MESOPOTAMICHE$3UONC005471 966 $aLINGUA SUMERA$yLINGUE MESOPOTAMICHE$3UONC006426 996 $aComputer-aided analysis of Amorite$91152979 997 $aUNIOR